000 01236cam a22002174a 4500
005 20250605164042.0
008 250528s ||||||||||||||||||||||||d
035 _a17023
020 _a85315340
040 _aGR-AtMCL
_bgre
_dGR-AtMCL
_eAACR2
245 1 _aMax Weber and Value - Free Sociology / A Marxist Critique
250 _a1st
260 _c1975
300 _a192
520 _aIn this the writer examines Weber's weighty contribution, and asks how successful his concepts of ''value-free sociology'' and of the ''models'' of social structure have proved themselves to be for purposes of sociological analysis. Preface, Max Weber and Man and Fighter, Durkheim and the Group Mind, The Study of Cultures, The God of Things as They Are, Weber's Methodology, Capitalism: Its Origin and Nature, The House of Bondage, Talcott Parsons and Systems Theory, Conflict and Class, The Dimension of History, Evolution and Human Progress, Max Weber and Karl Marx, Consciousness and Social Change, The Making of History, Sociology and the Politics of Cultural Despair, Books, Authors Quoted or Mentioned.
700 1 _aLawrence And Wishart
_93154
700 1 _aLewis John
_93155
942 _cBK
999 _c2464
_d2464